Catálogo
 En Linea

Mujer y educación en la Nueva Granada / (Registro nro. 11772)

Detalles MARC
000 -CABECERA
campo de control de longitud fija 00931cam a2200229 a 4500
001 - NÚMERO DE CONTROL
campo de control 000012107
005 - FECHA Y HORA DE LA ÚLTIMA TRANSACCIÓN
campo de control 20200929162710.0
008 - DATOS DE LONGITUD FIJA--INFORMACIÓN GENERAL
campo de control de longitud fija 030113s2002 ck a b 001 0 spa c
020 ## - NÚMERO INTERNACIONAL ESTÁNDAR DEL LIBRO
Número Internacional Estándar del Libro 9583333328
040 ## - FUENTE DE LA CATALOGACIÓN
Centro catalogador/agencia de origen DO-SdBNP
Lengua de catalogación spa
Centro/agencia transcriptor NYP
Centro/agencia modificador BNPHU
-- DLC
082 ## - NÚMERO DE LA CLASIFICACIÓN DECIMAL DEWEY
Número de clasificación 370.986
Número de documento/Ítem V127m
049 ## - FONDOS LOCALES (OCLC)
Fondos de biblioteca BNGR
100 1# - ENTRADA PRINCIPAL--NOMBRE DE PERSONA
Nombre de persona Vahos Vega, Luis Arturo,
Fechas asociadas al nombre 1944-
9 (RLIN) 28606
245 10 - MENCIÓN DE TÍTULO
Título Mujer y educación en la Nueva Granada /
Mención de responsabilidad, etc. Luis Arturo Vahos Vega ; prólogo, Marlene Sánchez Moncada.
260 ## - PUBLICACIÓN, DISTRIBUCIÓN, ETC.
Lugar de publicación, distribución, etc. Bogotá, (Colombia) :
Nombre del editor, distribuidor, etc. Comunicación Creativa Ramírez,
Fecha de publicación, distribución, etc. 2002.
300 ## - DESCRIPCIÓN FÍSICA
Extensión 194 p. :
Otras características físicas il. ;
Dimensiones 22 cm.
504 ## - NOTA DE BIBLIOGRAFÍA, ETC.
Nota de bibliografía, etc. Incluye referencias bibliográficas (p. [187] -194) y notas al pie de las páginas.
650 #4 - PUNTO DE ACCESO ADICIONAL DE MATERIA--TÉRMINO DE MATERIA
Término de materia o nombre geográfico como elemento de entrada Mujeres
Subdivisión general Educación
Subdivisión geográfica Colombia
Subdivisión general Historia
Subdivisión cronológica SIGLO XVIII
9 (RLIN) 28607
650 #4 - PUNTO DE ACCESO ADICIONAL DE MATERIA--TÉRMINO DE MATERIA
Término de materia o nombre geográfico como elemento de entrada Mujeres
Subdivisión general Educación
Subdivisión geográfica Colombia
Subdivisión general Historia
Subdivisión cronológica SIGLO XIX
9 (RLIN) 28608
700 1# - PUNTO DE ACCESO ADICIONAL--NOMBRE DE PERSONA
Nombre de persona Sánchez Moncada, Marlene,
Término indicativo de función/relación pról.
9 (RLIN) 28609
910 ## - DATOS DE OPCIÓN DEL USUARIO (OCLC)
Datos de opción del usuario Catalogación por copia / LC
Existencias
Estado de retiro Estado de pérdida Restricciones de uso No para préstamo Código de colección Localización permanente Ubicación/localización actual Ubicación en estantería Fecha de adquisición Número de inventario Total de préstamos Signatura topográfica completa Código de barras Fecha visto por última vez Precio válido a partir de Tipo de ítem Koha
    Préstamo interno   Monografías: Libros y Folletos General General En catalogación 04.11.2009 LF1   370.986 V127m 12107-10 25.06.2020 25.06.2020 Préstamo interno

Con tecnología Koha